Red Velvet Discography - Statistics

General Stats
  • This quiz has been taken 22 times
  • The average score is 54 of 131
Answer Stats
Answer % Correct
Ice Cream Cake
100%
Dumb Dumb
94%
Automatic
88%
Psycho
88%
Queendom
88%
RBB (Really Bad Boy)
88%
Rookie
88%
Russian Roulette
88%
Cosmic
81%
Peek-A-Boo
81%
Red Flavor
81%
Sappy
81%
Zimzalabim
81%
Chill Kill
75%
#Cookie Jar
75%
Feel My Rhythm
75%
Bad Boy
69%
Birthday
69%
Campfire
69%
Umpah Umpah
69%
Candy
63%
Day 1
63%
In my Dreams
63%
Power Up
63%
Bad Dracula
56%
Blue Lemonade
56%
Bulldozer
56%
Huff n Puff
56%
I Just
56%
Kingdom Come
56%
One Of These Nights
56%
Something Kinda Crazy
56%
Underwater
56%
Zoo
56%
Knock Knock (Who's There?)
50%
Knock On Wood
50%
Ladies Night
50%
LP
50%
Oh Boy
50%
Perfect 10
50%
Pose
50%
Stupid Cupid
50%
Butterflies
44%
Celebrate
44%
Happiness
44%
Iced Coffee
44%
Lady's Room
44%
Milkshake
44%
Mojito
44%
Mr. E
44%
Red Dress
44%
Scenery
44%
Sunny Side Up!
44%
Will I Ever See You Again?
44%
ZOOM
44%
About Love
38%
Attaboy
38%
Bamboleo
38%
Better Be
38%
Carpool
38%
Cool World
38%
Hear The Sea
38%
In & Out
38%
Jumpin'
38%
Last Drop
38%
Little Little
38%
Look
38%
Love Arcade
38%
Marionette
38%
Mosquito
38%
Pushin' N Pullin'
38%
Rose Scent Breeze
38%
Sassy Me
38%
Sunflower
38%
Take It Slow
38%
Be Natural
31%
Bubble
31%
Cool Hot Sweet Love
31%
Don't U Wait No More
31%
Eyes Locked, Hands Locked
31%
La Rouge
31%
Love Is The Way
31%
On A Ride
31%
Rainbow Halo
31%
Remember Forever
31%
Some Love
31%
Sweet Dreams
31%
Swimming Pool
31%
Talk To Me
31%
Time Slip
31%
Wildside
31%
Wings
31%
You Better Know
31%
Body Talk
25%
BYE BYE
25%
Fool
25%
Good, Bad, Ugly
25%
Hello, Sunset
25%
Jackpot
25%
Lucky Girl
25%
Moonlight Melody
25%
My Second Date
25%
Night Drive
25%
Nightmare
25%
Parade
25%
So Good
25%
Sunny Afternoon
25%
Taste
25%
Would U
25%
All Right
19%
Beg For Me
19%
Future
19%
Last Love
19%
Light Me Up
19%
One Kiss
19%
Sayonara
19%
With You
19%
Aitai-tai
13%
Color of Love
13%
Happily Ever After
13%
Hit That Drum
13%
My Dear
13%
Snap Snap
13%
Wish Tree
13%
First Time
6%
Milky Way
6%
Another Day
0%
Bling Bling
0%
Cause it's you
0%
Rebirth
0%
See the Stars
0%
No matching quizzes found
Score Distribution
Percent of People with Each Score
Percentile by Number Answered
Your Score History
You have not taken this quiz